00345 a2200109 4500001001000000005001700010008004100027245007800068100002500146773004700171999001700218ART_5766320260410162050.0260409a 10aExención de ganancias para asociaciones civiles, fundaciones y mutuales1 aTonnelier, Alejandro0 tImpuestosg- N° 139 (ene. 2023)wREV45175 c35703d35703